Fractography 2003 : Proceedings of the Conference
Gespeichert in:
| Körperschaft: | |
|---|---|
| Format: | Tagungsbericht Paket Buch |
| Sprache: | Englisch |
| Veröffentlicht: |
Košice :
Ústav materiálového výskumu SAV,
2003
|
| Schlagworte: | |
| Tags: |
Keine Tags, Fügen Sie das erste Tag hinzu!
|
MARC
| LEADER | 00000npm a22000003a 4500 | ||
|---|---|---|---|
| 001 | stu82577 | ||
| 005 | 20150408161423.8 | ||
| 008 | 031124s2003----xo------------------eng-d | ||
| 020 | |a 80-968543-2-1 | ||
| 040 | |a STU |b slo | ||
| 041 | 0 | |a eng | |
| 044 | |a xo | ||
| 080 | |a 620.184(063) | ||
| 111 | 2 | |a International Conference |d (November 9-12, 2003 : |c Stará Lesná) | |
| 245 | |a Fractography 2003 : |b Proceedings of the Conference | ||
| 260 | |a Košice : |b Ústav materiálového výskumu SAV, |c 2003 | ||
| 300 | |a CD | ||
| 650 | 7 | |a fraktografia |2 stusub | |
| 996 | |b 284M058005 |c M*CD-402 |l MMKN |s A |a 24 |w stu82577_0001 | ||
| 996 | |b 284M058006 |c M*CD-401 |l MMKN |s A |a 24 |w stu82577_0002 | ||